[Event "AAI GM"]
[Site "New Delhi IND"]
[Date "2011.06.30"]
[Round "8"]
[White "Laznicka, V."]
[Black "Sasikiran, K."]
[Result "0-1"]
[WhiteElo "2681"]
[BlackElo "2676"]
[PlyCount "60"]
[EventDate "2011.06.22"]

1. d4 Nf6 2. c4 e6 3. Nf3 b6 4. g3 Ba6 5. b3 d5 6. Bg2 Bb4+ 7. Bd2 Be7 8. cxd5
exd5 9. Nc3 O-O 10. O-O Re8 11. Rc1 Bb7 12. Bf4 Na6 13. Ne5 c5 14. Nb5 Ne4 15.
dxc5 Bxc5 16. Nd3 Qd7 17. a4 Re7 18. Qe1 g5 19. Be5 d4 20. f3 Rae8 21. fxe4
Rxe5 22. Nxe5 Rxe5 23. Kh1 Bxe4 24. Bxe4 Rxe4 25. Qd2 h6 26. Rf2 Nb4 27. Rcf1
Re7 28. Rf6 Qd5+ 29. R1f3 g4 30. R6f5 gxf3 0-1